Statistics for Soccer Club Legends

Click here to take the quiz!

General Stats

  • This quiz has been taken 25 times
  • The average score is 15 of 20

Answer Stats

HintAnswer% Correct
Barcelona/RWLionel Messi
100%
Chelsea/STDidier Drogba
95%
Barcelona/CMAndres Iniesta
91%
Real Madrid/CBSergio Ramos
91%
Arsenal/STThierry Henry
91%
Barcelona/CMXavi
91%
Liverpool/CMSteven Gerrard
86%
Manchester United/STWayne Rooney
86%
Real Madrid/LWCristiano Ronaldo
82%
Barcelona/STLuis Suarez
82%
AC Milan/CBPaolo Maldini
82%
Santos/STPele
82%
Chelsea/RWEden Hazard
73%
Bayern/GKOliver Kahn
73%
Real Madrid/LBRoberto Carlos
68%
Argentinos Juniors/CAMDiego Maradona
64%
PSG/STEdinson Cavani
59%
Barcelona/STSamuel Eto'o
55%
Manchester United/GKEdwin Van der Sar
18%
Juventus/CMAndrea Pirlo
14%

Score Distribution

Percentile by Number Answered

Percent of People with Each Score

Your Score History

You have not taken this quiz